000 00536nam a2200181Ia 4500
008 100920s9999 xx 000 0 und d
082 _b61777
_a891.43 थ 93
100 _aसाहनी भीष्म.
245 _aमुआवजे.
260 _bराधाकृष्ण प्रकाशन,दिल्ली.
_c1993
300 _a106
_bसाधी
365 _b60
520 _aहिंदी.
630 _aमुआवजे.
650 _aहिंदी.
730 _aमुआवजे.
942 _cBOOK
999 _c704922
_d704919